A "Magyar lélek" muzsikája

Elmentve itt :
Bibliográfiai részletek
Szerző: Nagy Olivér
Dokumentumtípus: Cikk
Megjelent: 1943
Sorozat:Magyar lélek : a magyar népművelők országos folyóirata 5 No. 6
Kulcsszavak:Zenetudomány
Online Access:http://misc.bibl.u-szeged.hu/2108
LEADER 00579nab a2200169 i 4500
001 misc2108
005 20191106141905.0
008 170607s1943 hu o 0|| hun d
040 |a SZTE Miscellanea Repozitórium  |b hun 
041 |a hun 
100 1 |a Nagy Olivér 
245 1 2 |a A "Magyar lélek" muzsikája  |h [elektronikus dokumentum] /  |c  Nagy Olivér 
260 |c 1943 
300 |a 287 
490 0 |a Magyar lélek : a magyar népművelők országos folyóirata  |v 5 No. 6 
695 |a Zenetudomány 
856 4 0 |u http://misc.bibl.u-szeged.hu/2108/1/magyar_lelek_005_006_287.pdf  |z Dokumentum-elérés